Iceland Soccer First Division Winners - Statistics

General Stats
  • This quiz has been taken 47 times
  • The average score is 7 of 11
Answer Stats
Answer % Correct
KA Akureyri
74%
KR Reykjavik
74%
Breiðablik
68%
FH Hafnarfjörður
65%
Keflavik
65%
Valur
65%
Vikingur
65%
Fram Reykjavik
50%
IBV Vestmannæyja
50%
Stjarnan
50%
IA Akraness
44%
No matching quizzes found
Score Distribution
Percent of People with Each Score
Percentile by Number Answered
Your Score History
You have not taken this quiz